=LDR 00000nam 2200000 4500 =001 INLIS000000000039226 =005 20130612144852 =008 ***********************************Ind** =035 ##$$0010-061300000039226 =041 ##$$a Ind =082 ##$$a 634.54 =090 ##$$a 634.54, Buj b =100 ##$$a Sujiprihati, Sriani =245 ##$$a Budidaya Pepaya Unggul, Sriani Sujiprihati =260 ##$$a 2010 $b Jakarta =300 ##$$a 91 Hlm, 24 Cm =700 ##$$a Ketty Suketi =850 ##$$a NBPNMAT =990 ##$$a 0001/BPAP-NTB/20142014 =990 ##$$a 0184/BPAP-NTB/2015